00632nam a2200217Ia 450000500170000000800410001702000130005804000190007104100120009008200130010224501240011526000330023930000110027244000230028350400190030663000320032563000080035765000190036565100200038485000100040420240725110024.0131103s9999 xx 000 0 und d cRs.60.00 aLoreto College aEnglish a821bEZE aAnother Indiab an anthology of contemporary Indian fiction and poetry cEdited by Nissim Ezekiel & Meenakshi Mukherjee aEnglandbPenguin Booksc1969 a299p.  aA penguin original aIncludes notes aed. - Mukherjee, Meenakshi. aed. aEnglish poetry aEzekiel, Nissim aLCBED